00925cam a2200253 a 45000010008000000030009000080050017000170080041000340100017000750200015000920400028001070500019001350820017001542450078001712600060002493000033003095040051003426500027003936500020004206500033004407000026004737000083004998560089005823570497BDDh-ASL20231015030422.0980914s1997 pk b b 001 0 eng  a 98195816  a0195779339 aDLCcDLCdDLCdBDDh-ASL00aD860b.C6 1997 a909.04bCLA 04aThe clash of civilizations? :bAsian responses /cedited by Salim Rashid. aKarachi : aNew York :bOxford University Press,c1997. avii, 158 p. :bmap ;c22 cm. aIncludes bibliographical references and index. 0aWorld politics,y1989- 0aPost-communism. 0aCivilization, Modern,y1950-1 aRashid, Salim,d1949-1 aHuntington, Samuel P.tClash of civilizations and the remaking of world order.423Publisher descriptionuhttp://www.loc.gov/catdir/enhancements/fy0636/98195816-d.html